1395 1917 1605 1413 1662 1882 1252 1794 1286 1335 1820 1210 1489 1054 1753 1333 1416 1084 1329 1984 1197 1038 1782 1533 1325 1916 1848 1152 1281 1208 1893 1181 1792 1330 1763 1111 1179 1410 1982 1029 1812 1451 1071 1996 1811 1387 1745 1012 1834 1657 1657 1557 1917 1797 1910 1204 1771 1380 1258 1195 1580 1773 1150 1862 1127 1581 1285 1619 1104 1100 1242 1737 1960 1855 1493 1287 1632 1397 1844 1766 1776 1755 1485 1263 1790 1604 1668 1044 1457 1845 1950 1021 1192 1363 1677 1006 1475 1514 1135 BCNSPRNW ULIB Ver.6.0+V

เปลี่ยนเป็นภาษาไทย

Change to English
 แสดงรายละเอียดบรรณานุกรม
  กลับหน้าหลัก

Brief Record : Get Marc (ISO 2709) : E-mail record : QR code < ปิดหน้าต่าง
LEADER : 00000nam 2200000uu 4500
001    13399114675
003     ULIB
008    120429s2553||||th 000 0 tha d
020    ^a9789749751954
060 04 ^aWG340^bล145ร
100 1  ^aลลิตา ธีระสิริ
245 10 ^aรักษาความดันเลือดสูงด้วยตนเอง /^cลลิตา ธีระสิริ
250    ^aพิมพ์ครั้งที่ 1
260    ^aกรุงเทพฯ :^bรวมทรรศน์,^c2553
300    ^a176 หน้า :^bภาพประกอบ
650  7 ^aการดูแลสุขภาพด้วยตนเอง
650  7 ^aความดันเลือดสูง
650  7 ^aความดันเลือดสูง^xการรักษา
945    ^p200^l0^i18973
945    ^p200^l0^i18976
995    ^a เกษร
999    ^aใช้งานได้ทุกระบบ
รายการนี้ยังไม่มีแท็ก
คุณยังไม่ได้ล็อกอิน คุณสามารถมีกิจกรรมร่วมกับเว็บไซต์ได้ แต่ต้องล็อกอินก่อน ::
  ล็อกอิน

รายการสื่อสารสนเทศ

ลำดับที่ ประเภท เลขเรียก/บาร์โค้ด สถานที่ สถานะ
1. วิทยาศาสตร์การแพทย์ และสุขภาพ
วิทยาศาสตร์การแพทย์ และสุขภาพ
สถานะ=หนังสือเก่า
WG340 ล145ร ฉ.1 
  Barcode: 18973
ห้องสมุดวิทยาเขตนครสวรรค์
►ส่วนจัดเก็บหนังสือเก่า นว.
บนชั้น
  ขอยืม
2. วิทยาศาสตร์การแพทย์ และสุขภาพ
วิทยาศาสตร์การแพทย์ และสุขภาพ
สถานะ=หนังสือเก่า
WG340 ล145ร ฉ.2 
  Barcode: 18976
ห้องสมุดวิทยาเขตนครสวรรค์
►ส่วนจัดเก็บหนังสือเก่า นว.
บนชั้น
  ขอยืม

รายการใกล้เคียง
    ผู้แต่ง [ลลิตา ธีระสิริ]

    หัวเรื่อง [การดูแลสุขภาพด้วยตนเอง]
    หัวเรื่อง [ความดันเลือดสูง]

BibComment


ยังไม่เคยถูกคอมเมนท์

คอมเมนท์ทรัพยากรรายการนี้
  คอมเมนท์: รักษาความดันเลือ..


 Copyright 2026. Bcnsprnw @Library